Detalles MARC
| 000 -CABECERA |
| Longitud fija campo de control |
01489nam a2200433 c 4500 |
| 001 - NÚMERO DE CONTROL |
| Número de control |
24882 |
| 003 - IDENTIFICADOR DE NÚMERO DE CONTROL |
| Identificador del número de control |
ES-MaCES |
| 005 - FECHA Y HORA DE LA ÚLTIMA TRANSACCIÓN |
| Fecha y hora de la última transacción |
20141221122932.0 |
| 008 - CAMPO FIJO DE DESCRIPCIÓN FIJA--INFORMACIÓN GENERAL |
| Códigos de información de longitud fija |
130222s2012 sp bd t o100 | spa d |
| 017 ## - NÚMERO DE REGISTRO DE DERECHOS DE AUTOR Y DEPÓSITO LEGAL |
| Número de copyright o de depósito legal |
M 36371-2012 |
| Agencia que asigna el número |
DL |
| 024 7# - OTROS IDENTIFICADORES |
| Número normalizado o código |
685-12-017-6 |
| Fuente del número o código |
nipo |
| 035 ## - NÚMERO DE CONTROL DEL SISTEMA |
| Número de control del sistema |
CES20130000695m |
| 040 ## - FUENTE DE CATALOGACIÓN |
| Centro catalogador de origen |
ES-MaCES |
| Lengua de catalogación |
spa |
| Centro transcriptor |
ES-MaCES |
| 111 2# - ENCABEZAMIENTO PRINCIPAL--NOMBRE DE REUNIÓN |
| Nombre de congreso o jurisdicción como elemento de entrada |
Jornadas de la Red de Mujeres Profesionales de la Salud |
| Número del congreso o número de parte o sección de la obra |
12ª y 13ª |
| Fecha del congreso |
2010 y 2011 |
| 9 (RLIN) |
1202 |
| 245 10 - MENCIÓN DE TÍTULO |
| Título |
Género y salud |
| Mención de responsabilidad, etc. |
XII y XIII Jornadas de la Red de Mujeres Profesinales de la Salud, [celebradas en 2010 y 2011] |
| 260 ## - PUBLICACIÓN, DISTRIBUCIÓN, ETC (PIE DE IMPRENTA) |
| Lugar de publicación, distribución, etc. |
Madrid |
| Nombre del editor, distribuidor, etc. |
Instituto de la Mujer |
| Fecha de publicación, distribución, etc. |
2012 |
| 300 ## - DESCRIPCIÓN FÍSICA |
| Extensión |
128 p. |
| Otras características físicas |
mapas, gráf. bl. y n. |
| Dimensiones |
30 cm |
| 490 1# - MENCIÓN DE SERIE |
| Mención de serie |
Serie Debate |
| Designación de volumen o secuencia |
52 |
| 504 ## - NOTA DE BIBLIOGRAFÍA, ETC. |
| Nota de bibliografía, etc. |
Bibliografía |
| 541 ## - NOTA DE LA FUENTE INMEDIANTE DE ADQUISICIÓN |
| Forma de adquisición |
Gratuito |
| 650 #4 - ASIENTO SECUNDARIO DE MATERIA--TÉRMINO DE MATERIA |
| Término de materia o nombre geográfico como elemento inicial |
conferencia |
| 9 (RLIN) |
27013 |
| 650 #4 - ASIENTO SECUNDARIO DE MATERIA--TÉRMINO DE MATERIA |
| Término de materia o nombre geográfico como elemento inicial |
investigación sociológica |
| 9 (RLIN) |
27260 |
| 650 #4 - ASIENTO SECUNDARIO DE MATERIA--TÉRMINO DE MATERIA |
| Término de materia o nombre geográfico como elemento inicial |
infancia |
| 9 (RLIN) |
28518 |
| 650 #4 - ASIENTO SECUNDARIO DE MATERIA--TÉRMINO DE MATERIA |
| Término de materia o nombre geográfico como elemento inicial |
asistencia a las personas de edad avanzada |
| 9 (RLIN) |
27061 |
| 650 #4 - ASIENTO SECUNDARIO DE MATERIA--TÉRMINO DE MATERIA |
| Término de materia o nombre geográfico como elemento inicial |
mujeres rurales |
| 9 (RLIN) |
29429 |
| 650 #4 - ASIENTO SECUNDARIO DE MATERIA--TÉRMINO DE MATERIA |
| Término de materia o nombre geográfico como elemento inicial |
personal médico |
| 9 (RLIN) |
27060 |
| 650 #4 - ASIENTO SECUNDARIO DE MATERIA--TÉRMINO DE MATERIA |
| Término de materia o nombre geográfico como elemento inicial |
política sanitaria |
| 9 (RLIN) |
29366 |
| 650 #4 - ASIENTO SECUNDARIO DE MATERIA--TÉRMINO DE MATERIA |
| Término de materia o nombre geográfico como elemento inicial |
uso indebido de drogas |
| 9 (RLIN) |
27048 |
| 650 #4 - ASIENTO SECUNDARIO DE MATERIA--TÉRMINO DE MATERIA |
| Término de materia o nombre geográfico como elemento inicial |
salud en el trabajo |
| 9 (RLIN) |
28347 |
| 650 #4 - ASIENTO SECUNDARIO DE MATERIA--TÉRMINO DE MATERIA |
| Término de materia o nombre geográfico como elemento inicial |
estado de salud |
| 9 (RLIN) |
30671 |
| 650 #4 - ASIENTO SECUNDARIO DE MATERIA--TÉRMINO DE MATERIA |
| Término de materia o nombre geográfico como elemento inicial |
salud |
| 9 (RLIN) |
28680 |
| 650 #4 - ASIENTO SECUNDARIO DE MATERIA--TÉRMINO DE MATERIA |
| Término de materia o nombre geográfico como elemento inicial |
mujeres |
| 9 (RLIN) |
28657 |
| 653 10 - TÉRMINO DE INDEXACIÓN--NO CONTROLADO |
| Término no controlado |
Mujer |
| 787 0# - ENTRADA DE OTRAS ESPECIFICACIONES |
| Título |
Género y salud |
| Número de control del registro relacionado |
(ES-MaCES)22092 |
| 830 #0 - ENCABEZAMIENTO SECUNDARIO DE COLECCIÓN--TÍTULO UNIFORME |
| Título uniforme |
Debate (Instituto de la Mujer (España)) |
| Designación de volumen o secuencia |
52 |
| 9 (RLIN) |
32789 |
| 902 ## - CES. TIPO DE DOCUMENTO |
| Tipodoc (006$c Sirtex) |
LIB Libro |
| 942 ## - ELEMENTOS KOHA |
| Fuente de clasificaión o esquema |
Clasificación propia del CES |
| Koha [por defecto] tipo de item |
Monografías |
| Parte de clasificación |
3.3. |